000 00389nam a22001457a 4500
008 250304b |||||||| |||| 00| 0 eng d
020 _a9780323447751
050 _aRT82.8
_b.A38
100 _aTracy Mary Fran
245 _aHamric and Hanson;s Advanced Practice Nursing An Integrative Approach
250 _a6th
260 _aMissouri
_bElsevier
_c2019
300 _axxiv,669p
942 _cBK
999 _c2053
_d2053